000 01274nam a2200325 i 4500
003 EG-GICUC
005 20260121101340.0
008 251124b1970 ua ||||f |||| 00| 0 ara d
040 _a EG-GICUC
_c EG-GICUC
_d EG-GICUC
_erda
_bara
041 _aara
082 0 4 _221
_a345.2
_bع ل . ل
092 0 4 _221
099 _aLaw1 07 345.2 ع ل . ل 1970
100 0 _aعلي عبد المجيد عبده
_eمؤلف.
245 1 2 _aاللجان في التتنظيمات الإدارية /
_cإعداد د. علي عبد المجيد عبده .
264 1 _aالقاهرة :
_bجامعة الدول العربية-المنظمة العربية للعلوم الإدارية، مركز البحوث الإدارية،
_c1970.
300 _a15 صفحة :
_c24 سم.
_bجداول ؛
336 _2rda content
_atext
337 _2rda media
_aComputer
338 _2rda carrier
_aOnline Resource
490 _v19
504 _aيشتمل على إرجاعات ببليوجرافية.
546 _aالنص باللغة العربية
650 1 7 _2qrmak
_aالقانون الإداري
650 1 7 _2qrmak
_aتنظيم وإدارة
830 _0
856 4 0 _uhttps://fll.law.cu.edu.eg/fulltext/bks/B07-00305.pdf
905 _aWesam Mahmoud
942 _2ddc
_n0
_cBK
_e21
999 _c45759
_d45759